Profiles of the future : An inquiry into the limits of the possible
Zapisane w:
| 1. autor: | |
|---|---|
| Format: | Książka |
| Język: | Undetermined |
| Wydane: |
New York
Holt
1984
|
| Hasła przedmiotowe: | |
| Etykiety: |
Dodaj etykietę
Nie ma etykietki, Dołącz pierwszą etykiete!
|
| Thư viện lưu trữ: | Trung tâm Học liệu Trường Đại học Cần Thơ |
|---|
| LEADER | 00519nam a2200193Ia 4500 | ||
|---|---|---|---|
| 001 | CTU_98212 | ||
| 008 | 210402s9999 xx 000 0 und d | ||
| 082 | |a 600 | ||
| 082 | |b C597 | ||
| 100 | |a Clarke, Arthur C. | ||
| 245 | 0 | |a Profiles of the future : | |
| 245 | 3 | |b An inquiry into the limits of the possible | |
| 245 | 0 | |c Arthur C. Clarke | |
| 260 | |a New York | ||
| 260 | |b Holt | ||
| 260 | |c 1984 | ||
| 650 | |a Technology,Inventions | ||
| 904 | |i Năm | ||
| 980 | |a Trung tâm Học liệu Trường Đại học Cần Thơ | ||